000 00888nam a2200229 i 4500
001 124266
003 ES-MaACL
005 20230906192346.0
008 070214s1966 sp |||| | spa d
245 0 0 _aReflexiones autocríticas sobre el catolicismo /
_cMagdalen Goffin ... [et al.] ; introducción de Michael de la Beyodere ; prólogo a la edición española de Monseñor Roberts S. J. ; versión castellana de José Antonio Balbontín.
250 _a1ª ed.
260 _aBarcelona :
_bNova Terra,
_c1966.
300 _a202 p. ;
_c19 cm.
490 1 _a1966, Tiempo de Concilio
650 0 4 _aApologética.
_99921
700 1 _aGoffin, Magdalen.
_957588
700 1 _aDe la Bedoyere, Michael.
_9170853
700 1 _aBalbontín, José Antonio,
_d1893-1977
_924853
830 0 _a1966, Tiempo de Concilio
_9219000
852 _aES-MaACL
_jC-31134
999 _c124266
_d124266